<The> people and the knowledge in mathematics the factorization of free moduls over special local ring

Vyšetrovanie faktorizácie voľných modulov nad špeciálnym lokálnym okruhom.

Gespeichert in:
Bibliographische Detailangaben
1. Verfasser: Jurga, Rastislav
Format: Buchkapitel
Sprache:Englisch
Schlagworte:
Tags: Tag hinzufügen
Keine Tags, Fügen Sie das erste Tag hinzu!

MARC

LEADER 00000naa$a2200000$$$4500
001 0176571
005 20240502073017.9
041 0 |a eng 
044 |a SK 
245 1 0 |a <The> people and the knowledge in mathematics the factorization of free moduls over special local ring  |c Rastislav Jurga 
520 |a Vyšetrovanie faktorizácie voľných modulov nad špeciálnym lokálnym okruhom. 
610 2 0 |a matematika 
610 2 0 |a metódy matematické 
610 2 0 |a moduly 
610 2 0 |a matice 
610 2 0 |a vzorce 
100 1 |a Jurga, Rastislav